Relations between Russia and the European Union as seen and experienced by Slovakia

Vzťahy Ruska a Európskej únie z pohľadu a skúseností Slovenskej republiky. Rusko a Európska únia v súčasnosti. Význam dôvery vo vzťahu EÚ - Rusko. Východné partnerstvo. Bezpečnosť v Európe. Situácia na Západnom Balkáne. Problematické Kosovo.

Saved in:
Bibliographic Details
Main Author: Lajčák, Miroslav
Format: Book Chapter
Language:English
Subjects:
Tags: Add Tag
No Tags, Be the first to tag this record!

MARC

LEADER 00000naa$a2200000$$$4500
001 0106243
005 20231009112547.2
041 0 |a eng 
044 |a SK 
245 1 0 |a Relations between Russia and the European Union as seen and experienced by Slovakia  |c Miroslav Lajčák 
520 |a Vzťahy Ruska a Európskej únie z pohľadu a skúseností Slovenskej republiky. Rusko a Európska únia v súčasnosti. Význam dôvery vo vzťahu EÚ - Rusko. Východné partnerstvo. Bezpečnosť v Európe. Situácia na Západnom Balkáne. Problematické Kosovo. 
610 2 0 |a vzťahy medzinárodné 
610 2 0 |a politika medzinárodná 
610 2 0 |a bezpečnosť európska 
610 2 0 |a Európska únia 
610 2 0 |a Rusko 
610 2 0 |a Balkán 
610 2 0 |a Kosovo 
100 1 |a Lajčák, Miroslav